000 00644nam a2200205 4500
005 20240530110926.0
008 220808b |||||||| |||| 00| 0 eng d
017 _a2006/9302
_bمصر. دار الكتب
020 _a9773561968
040 _aEG-CaGPL
_cEG-CaGPL
082 0 4 _221
_a811.09
_bأ إ
100 0 _aاحمد تيمور
245 1 2 _aالاعتراف العربى الاخير :
_bشعر /
_cاحمد تيمور
250 _aط. 1
260 _aالقاهرة :
_bهلا للنشر والتوزيع،
_c2007
300 _a194 ص. ؛
_c24 سم.
650 0 7 _2qrmak
_aالشعر العربى
651 _2qrmak
942 _2ddc
_cBK
999 _c66578
_d66578